Far from the tree : (Record no. 933)

MARC details
000 -LEADER
fixed length control field 01461cam a2200373 a 4500
005 - DATE AND TIME OF LATEST TRANSACTION
control field 20260322212040.0
008 - FIXED-LENGTH DATA ELEMENTS--GENERAL INFORMATION
fixed length control field data
010 ## - LIBRARY OF CONGRESS CONTROL NUMBER
LC control number 2012020878
020 ## - INTERNATIONAL STANDARD BOOK NUMBER
International Standard Book Number 9780743236720 (pbk.)
020 ## - INTERNATIONAL STANDARD BOOK NUMBER
Canceled/invalid ISBN 9780743236720 (trade pbk. : alk. paper)
020 ## - INTERNATIONAL STANDARD BOOK NUMBER
Canceled/invalid ISBN 9781439183106 (ebook : alk. paper)
020 ## - INTERNATIONAL STANDARD BOOK NUMBER
Canceled/invalid ISBN 9781442356108 (eaudio : alk. paper)
020 ## - INTERNATIONAL STANDARD BOOK NUMBER
Canceled/invalid ISBN 9781442357433 (audio book : alk. paper)
040 ## - CATALOGING SOURCE
Original cataloging agency DLC
Transcribing agency DLC
Modifying agency DLC
042 ## - AUTHENTICATION CODE
Authentication code pcc
043 ## - GEOGRAPHIC AREA CODE
Geographic area code n-us---
050 00 - LIBRARY OF CONGRESS CALL NUMBER
Classification number HV888.5
Item number .S65 2012
082 00 - DEWEY DECIMAL CLASSIFICATION NUMBER
Classification number 362.4083/0973
Edition information 23
092 ## - LOCALLY ASSIGNED DEWEY CALL NUMBER (OCLC)
Classification number 362.4 S65 2012
001 - CONTROL NUMBER
control field data
100 1# - MAIN ENTRY--PERSONAL NAME
Personal name Solomon, Andrew,
Dates associated with a name 1963-
245 10 - TITLE STATEMENT
Title Far from the tree :
Remainder of title parents, children and the search for identity /
Statement of responsibility, etc. Andrew Solomon.
250 ## - EDITION STATEMENT
Edition statement 1st Scribner hardcover ed.
260 ## - PUBLICATION, DISTRIBUTION, ETC.
Place of publication, distribution, etc. New York :
Name of publisher, distributor, etc. Scribner,
Date of publication, distribution, etc. 2012.
300 ## - PHYSICAL DESCRIPTION
Extent ix, 962 p. ;
Dimensions 25 cm.
504 ## - BIBLIOGRAPHY, ETC. NOTE
Bibliography, etc. note Includes bibliographical references (p. 831-906) and index.
505 0# - FORMATTED CONTENTS NOTE
Formatted contents note Son -- Deaf -- Dwarfs -- Down syndrome -- Autism -- Schizophrenia -- Disability -- Prodigies -- Rape -- Crime -- Transgender -- Father.
650 #0 - SUBJECT ADDED ENTRY--TOPICAL TERM
Topical term or geographic name entry element Children with disabilities
Geographic subdivision United States
General subdivision Psychology.
650 #0 - SUBJECT ADDED ENTRY--TOPICAL TERM
Topical term or geographic name entry element Exceptional children
Geographic subdivision United States
General subdivision Psychology.
650 #0 - SUBJECT ADDED ENTRY--TOPICAL TERM
Topical term or geographic name entry element Parents of children with disabilities
Geographic subdivision United States.
650 #0 - SUBJECT ADDED ENTRY--TOPICAL TERM
Topical term or geographic name entry element Parents of exceptional children
Geographic subdivision United States.
650 #0 - SUBJECT ADDED ENTRY--TOPICAL TERM
Topical term or geographic name entry element Identity (Psychology)
Geographic subdivision United States.
650 #0 - SUBJECT ADDED ENTRY--TOPICAL TERM
Topical term or geographic name entry element Parent and child
Geographic subdivision United States
General subdivision Psychological aspects.
Holdings
Withdrawn status Lost status Damaged status Not for loan Home library Current library Shelving location Date acquired Total checkouts Full call number Barcode Date last seen Price effective from Koha item type
        Centerville Centerville General stacks 22/03/2026   362.4083/0973 23 BC0010965 22/03/2026 22/03/2026 Books